[Event "40th Olympiad Women"]
[Site "Istanbul TUR"]
[Date "2012.09.06"]
[Round "9.24"]
[Board "4"]
[White "Meyer, Marany"]
[Black "Skinke, Katrina"]
[Result "1/2-1/2"]
[WhiteTitle "WIM"]
[BlackTitle "WIM"]
[WhiteElo "2117"]
[BlackElo "2226"]
[WhiteTeam "New Zealand"]
[BlackTeam "Latvia"]
[WhiteFideId "14300435"]
[BlackFideId "11602260"]
[EventDate "2012.08.28"]

1. e4 d6 2. d4 g6 3. Nc3 c6 4. Be3 Nf6 5. f3 Nbd7 6. Qd2 b5 7. g4 Nb6 8. h4 h5
9. g5 Nfd7 10. f4 Bb7 11. Nf3 Bg7 12. Bd3 b4 13. Ne2 c5 14. c3 bxc3 15. bxc3 Qc7
16. O-O c4 17. Bc2 e6 18. f5 exf5 19. exf5 gxf5 20. Ng3 O-O-O 21. Nxf5 Bf8 22.
Bf4 Nd5 23. Bg3 Rg8 24. Rae1 N7b6 25. Re2 Ne7 26. Kh2 Nbd5 27. Ng1 Ng6 28. Nh3
Qa5 29. Be4 Rd7 30. Rb1 Nb6 31. Bxb7+ Kxb7 32. Ne3 Qa4 33. Rb4 Qa6 34. Nxc4 d5
35. Nxb6 axb6 36. Rb1 Bd6 37. Bxd6 Rxd6 38. Rf2 Kc6 39. Re1 Nxh4 40. Qf4 Ng6 41.
Qf5 Ra8 42. Nf4 Nxf4 43. Qxf4 Ra7 1/2-1/2

[Event "40th Olympiad Women"]
[Site "Istanbul TUR"]
[Date "2012.09.06"]
[Round "9.25"]
[Board "2"]
[White "Johansson, Viktoria"]
[Black "Terao, Juliana Sayumi"]
[Result "0-1"]
[WhiteTitle "WIM"]
[BlackTitle "WIM"]
[WhiteElo "2179"]
[BlackElo "2187"]
[WhiteTeam "Sweden"]
[BlackTeam "Brazil"]
[WhiteFideId "1701940"]
[BlackFideId "2109220"]
[EventDate "2012.08.28"]

1. d4 Nf6 2. c4 e6 3. Nc3 Bb4 4. e3 O-O 5. Bd3 d5 6. Nf3 c5 7. a3 Bxc3+ 8. bxc3
dxc4 9. Bxc4 Nc6 10. O-O Qc7 11. Ba2 Rd8 12. Bb2 h6 13. h3 e5 14. Qe2 Qe7 15.
Rfd1 e4 16. Nh2 Bf5 17. a4 cxd4 18. exd4 Nd5 19. Bxd5 Rxd5 20. c4 Rd7 21. Nf1
Rad8 22. Ne3 Qg5 23. d5 Ne7 24. Nxf5 Nxf5 25. Qxe4 b6 26. a5 Re7 27. Qg4 Rc7 28.
Qxg5 hxg5 29. axb6 axb6 30. Ra6 Rxc4 31. Rxb6 f6 32. d6 Rd7 33. g3 Kf7 34. Ba3
Rc3 35. Bb4 Rc2 36. Kg2 Ne3+ 0-1

[Event "40th Olympiad Women"]
[Site "Istanbul TUR"]
[Date "2012.09.06"]
[Round "9.25"]
[Board "3"]
[White "Gazola, Vanessa Ramos"]
[Black "Horn, Emilia"]
[Result "1/2-1/2"]
[WhiteTitle "WCM"]
[BlackTitle "WFM"]
[WhiteElo "2033"]
[BlackElo "2037"]
[WhiteTeam "Brazil"]
[BlackTeam "Sweden"]
[WhiteFideId "2112590"]
[BlackFideId "1705385"]
[EventDate "2012.08.28"]

1. d4 d5 2. c4 c6 3. cxd5 cxd5 4. Bf4 Nf6 5. Nc3 Nc6 6. e3 a6 7. Bd3 e6 8. Nf3
Be7 9. Rc1 O-O 10. h3 Qa5 11. O-O Bd7 12. a3 Rfc8 13. Qe2 b5 14. Na2 Qb6 15. b4
Na7 16. Rxc8+ Rxc8 17. Rc1 Rxc1+ 18. Nxc1 a5 19. Na2 axb4 20. axb4 Be8 21. Nd2
Nc6 22. Bxb5 Nxd4 23. exd4 Bxb5 24. Qe5 Nd7 25. Qc7 Qxc7 26. Bxc7 Bd3 27. Ba5
Bf6 28. Nc1 Bb5 29. Nf3 Bc4 30. g4 g6 31. Bc7 Be7 32. Ba5 Bf6 33. Bc7 Be7 34.
Ba5 Bf6 35. Bc7 1/2-1/2

[Event "40th Olympiad Women"]
[Site "Istanbul TUR"]
[Date "2012.09.06"]
[Round "9.25"]
[Board "4"]
[White "Fransson, Angelina"]
[Black "Guimaraes, Artemis Pamela"]
[Result "1-0"]
[WhiteElo "1968"]
[BlackElo "1996"]
[WhiteTeam "Sweden"]
[BlackTeam "Brazil"]
[WhiteFideId "1712632"]
[BlackFideId "2121107"]
[EventDate "2012.08.28"]

1. e4 e5 2. Nf3 Nc6 3. d4 exd4 4. Bc4 Nf6 5. e5 d5 6. Bb5 Ne4 7. Nxd4 Bc5 8. Be3
Bd7 9. Bxc6 bxc6 10. O-O Qe7 11. f3 Nd6 12. Bf2 Nf5 13. c3 O-O 14. Qe1 Bxd4 15.
cxd4 c5 16. dxc5 Bb5 17. g4 Bxf1 18. Kxf1 Nh6 19. Nc3 c6 20. Bd4 Rae8 21. Qd2
Qh4 22. Qg2 Re6 23. Ne2 Qg5 24. Qg3 Qd2 25. f4 Rg6 26. Bc3 Qc2 27. h3 Qe4 28.
Qg2 Qc4 29. Qf2 f5 30. g5 Nf7 31. Qd4 Qxd4 32. Nxd4 Nd8 33. h4 Ne6 34. h5 Nxd4
35. hxg6 Ne6 36. gxh7+ Kxh7 37. Bd2 Rb8 38. b4 Kg6 39. Kg2 a5 40. a3 Ra8 41. Kg3
a4 42. b5 Nxc5 43. Rc1 Ne4+ 44. Kg2 c5 45. Be1 Rb8 46. Rb1 d4 47. b6 Rb7 48. Kf3
Kf7 49. Ke2 Ke6 50. Kd3 Kd5 51. Rb5 g6 52. Ba5 Nf2+ 53. Ke2 Ne4 54. Kd3 Nf2+ 55.
Ke2 Kc4 56. Rb1 Nd3 57. Bd2 Nb4 58. axb4 a3 59. Rc1+ Kb3 60. bxc5 a2 61. Ba5 Kb2
62. Kd2 Rh7 63. Rc2+ Kb3 64. Rxa2 Rh2+ 65. Kd3 Kxa2 66. c6 Kb3 67. c7 Rc2 68. b7 1-0

[Event "40th Olympiad Women"]
[Site "Istanbul TUR"]
[Date "2012.09.06"]
[Round "9.26"]
[Board "1"]
[White "Franciskovic, Borka"]
[Black "Sop, Selen"]
[Result "0-1"]
[WhiteTitle "WIM"]
[BlackTitle "WCM"]
[WhiteElo "2258"]
[BlackElo "1993"]
[WhiteTeam "Croatia"]
[BlackTeam "Turkey 2016"]
[WhiteFideId "14507943"]
[BlackFideId "6300278"]
[EventDate "2012.08.28"]

1. c4 c5 2. Nf3 Nc6 3. Nc3 Nf6 4. g3 g6 5. Bg2 Bg7 6. O-O d6 7. d4 cxd4 8. Nxd4
Bd7 9. Nc2 O-O 10. Bd2 a6 11. Ne3 Rb8 12. a4 Qc8 13. a5 Bh3 14. Ncd5 Bxg2 15.
Kxg2 Ne4 16. Rb1 e6 17. Nb6 Qc7 18. Nc2 Nxd2 19. Qxd2 Ne5 20. b3 Rbd8 21. Rfd1
Qc5 22. f3 Nc6 23. b4 Qh5 24. Rb3 Ne5 25. Qe3 g5 26. Qe4 d5 27. cxd5 f5 28. Qe3
Rf6 29. Rh1 Rh6 30. h4 f4 31. gxf4 gxf4 32. Qe4 exd5 33. Nxd5 Qg6+ 34. Kf1 Qe6
35. Qxf4 Qxd5 36. Re3 Rf8 37. Qe4 Qxe4 38. Rxe4 Rc6 39. Ne1 Rc1 40. Rg1 Nc6 41.
Kf2 Rf5 42. Re8+ Kf7 43. Rc8 Be5 44. Rg4 h5 45. Re4 Bd6 46. Nd3 Rb1 47. Rh8 Kg7
48. Ree8 Nxb4 49. Reg8+ Kf7 50. Nxb4 Rxb4 51. Rd8 Be7 52. Rh7+ Ke6 53. Re8 Rf7
54. Rxh5 Kd7 55. Reh8 Rb5 56. R8h6 Bc5+ 57. Kg2 Rxa5 58. Rd5+ Kc7 59. Rg6 b6 60.
h5 Ra1 61. Kh2 Ra2 62. Rg2 Rh7 63. Kh3 Ra1 64. Rgg5 Rh1+ 65. Kg4 a5 66. e4 a4
67. Rd3 a3 68. Rd2 Rg1+ 69. Kf5 Rxg5+ 70. Kxg5 Be3+ 0-1

[Event "40th Olympiad Women"]
[Site "Istanbul TUR"]
[Date "2012.09.06"]
[Round "9.26"]
[Board "2"]
[White "Arig, Busra"]
[Black "Medic, Mirjana"]
[Result "1/2-1/2"]
[BlackTitle "WGM"]
[WhiteElo "1864"]
[BlackElo "2185"]
[WhiteTeam "Turkey 2016"]
[BlackTeam "Croatia"]
[WhiteFideId "6309356"]
[BlackFideId "14501619"]
[EventDate "2012.08.28"]

1. d4 d5 2. Nf3 e6 3. c4 Nf6 4. Bg5 Be7 5. Nc3 O-O 6. e3 b6 7. Bd3 Bb7 8. O-O
Nbd7 9. Qe2 Ne4 10. Bxe7 Qxe7 11. Rac1 c5 12. cxd5 exd5 13. dxc5 Ndxc5 14. Bb1
Rac8 15. Rfd1 Rfd8 16. Nd4 Qf6 17. Qf3 Qxf3 18. Nxf3 Ne6 19. Ne2 Rxc1 20. Rxc1
Rc8 21. Rxc8+ Bxc8 22. Ned4 a5 23. Bd3 N6c5 24. Bb5 Bd7 25. Bxd7 Nxd7 26. Kf1
Kf8 27. Ke2 Ke7 28. Nd2 Nec5 29. a3 Ne5 30. b4 axb4 31. axb4 Na4 32. Nb1 g6 33.
h3 Kd7 34. Kd2 Nb2 35. Nc3 Nbc4+ 36. Kc2 Kd6 37. Ncb5+ Kd7 38. Nc3 1/2-1/2

[Event "40th Olympiad Women"]
[Site "Istanbul TUR"]
[Date "2012.09.06"]
[Round "9.26"]
[Board "3"]
[White "Jelica, Mara"]
[Black "Patel, Yesim"]
[Result "1/2-1/2"]
[WhiteTitle "WIM"]
[WhiteElo "2258"]
[BlackElo "1845"]
[WhiteTeam "Croatia"]
[BlackTeam "Turkey 2016"]
[WhiteFideId "14504111"]
[BlackFideId "6300200"]
[EventDate "2012.08.28"]

1. e4 c5 2. Nc3 Nc6 3. f4 g6 4. Nf3 Bg7 5. Bb5 a6 6. Bxc6 bxc6 7. d3 d6 8. O-O
Nh6 9. Qe1 f6 10. Kh1 Rb8 11. b3 O-O 12. Bd2 Nf7 13. Qg3 e5 14. fxe5 fxe5 15.
Rf2 Be6 16. Raf1 Qe7 17. h3 Bd7 18. Ng5 Nxg5 19. Bxg5 Qe6 20. Qe3 Rxf2 21. Rxf2
Rf8 22. Kg1 Rxf2 23. Qxf2 h6 24. Be3 Qf7 25. Qd2 g5 26. Nd1 g4 27. hxg4 Bxg4 28.
Nf2 h5 29. Bg5 Bf6 30. Qe3 Qg6 31. Bxf6 Qxf6 32. Qg3 Qg5 33. c3 Kf7 34. d4 cxd4
35. cxd4 Qc1+ 36. Kh2 Qf4 37. dxe5 dxe5 38. Nd3 Qxe4 39. Nxe5+ Ke6 40. Nc4 Qd4
41. Qc7 Qd5 42. Qc8+ Qd7 43. Qxd7+ Kxd7 44. Ne5+ Ke6 45. Nxc6 Kd6 46. Na5 Kc5
47. Kg3 Kb4 48. Nc4 Be2 49. Kf2 Bxc4 50. bxc4 Kxc4 51. Kg3 a5 52. Kh4 a4 53.
Kxh5 a3 54. g4 Kc3 55. g5 Kb2 56. g6 Kxa2 57. g7 Kb1 58. g8=Q a2 59. Qb3+ Ka1
60. Qd1+ Kb2 1/2-1/2

[Event "40th Olympiad Women"]
[Site "Istanbul TUR"]
[Date "2012.09.06"]
[Round "9.27"]
[Board "1"]
[White "Cordero, Daniela"]
[Black "Sanchez Castillo, Sarai"]
[Result "0-1"]
[WhiteTitle "WIM"]
[BlackTitle "IM"]
[WhiteElo "2055"]
[BlackElo "2193"]
[WhiteTeam "Bolivia"]
[BlackTeam "Venezuela"]
[WhiteFideId "3301630"]
[BlackFideId "3900754"]
[EventDate "2012.08.28"]

1. d4 d5 2. Nf3 c6 3. c4 e6 4. Nbd2 Nf6 5. g3 Qa5 6. Qc2 dxc4 7. Qxc4 c5 8. dxc5
Bxc5 9. Bg2 O-O 10. O-O Be7 11. e4 Nc6 12. Qe2 Qh5 13. h3 e5 14. g4 Bxg4 15.
hxg4 Nxg4 16. Nb3 f5 17. Re1 Kh8 18. exf5 Rxf5 19. Qe4 Raf8 20. Re2 Bd8 21. Bd2
Ne7 22. Rc1 Bb6 23. Be1 Rf4 24. Qxb7 h6 25. a4 Ng6 26. Rc8 Kh7 27. Rxf8 Rxf8 28.
Bd2 Nh4 29. Nxh4 Qxh4 30. Qe4+ Kh8 31. Be3 Bxe3 32. Rxe3 Qh2+ 33. Kf1 Rxf2+ 34.
Ke1 Qg1+ 0-1

[Event "40th Olympiad Women"]
[Site "Istanbul TUR"]
[Date "2012.09.06"]
[Round "9.27"]
[Board "2"]
[White "Gutierrez, Leonela"]
[Black "Borda, Carla"]
[Result "1/2-1/2"]
[BlackTitle "WCM"]
[WhiteElo "2067"]
[BlackElo "1977"]
[WhiteTeam "Venezuela"]
[BlackTeam "Bolivia"]
[WhiteFideId "3900401"]
[BlackFideId "3301087"]
[EventDate "2012.08.28"]

1. e4 c6 2. d4 d5 3. Nc3 dxe4 4. Nxe4 Bf5 5. Ng3 Bg6 6. h4 h6 7. Nf3 Nd7 8. h5
Bh7 9. Bd3 Bxd3 10. Qxd3 e6 11. Bd2 Qc7 12. O-O-O Ngf6 13. Ne4 O-O-O 14. g3 Nxe4
15. Qxe4 Nf6 16. Qe2 Bd6 17. Kb1 Rhe8 18. Ne5 c5 19. Rh4 Kb8 20. Nc4 Ka8 21. a4
Nd5 22. a5 cxd4 23. Nxd6 Rxd6 24. Rxd4 Rc6 25. c4 Nf6 26. Bc3 Rc8 27. f4 a6 28.
Qd3 Rxc4 29. Rxc4 Qxc4 30. Qxc4 Rxc4 31. Rd8+ Ka7 32. Bd4+ b6 33. axb6+ Kb7 34.
Bxf6 gxf6 35. Rd7+ Kxb6 36. Rxf7 Rc5 37. Rxf6 Rxh5 38. Rxe6+ Kb5 39. Ka2 Rh2 40.
Rg6 h5 41. Rh6 Rh3 42. Rg6 h4 43. Rg5+ Kc6 44. g4 Rf3 45. f5 h3 46. Rh5 a5 1/2-1/2

[Event "40th Olympiad Women"]
[Site "Istanbul TUR"]
[Date "2012.09.06"]
[Round "9.27"]
[Board "3"]
[White "Estrada, Lucia"]
[Black "Varela La Madrid, Tilsia Carolin"]
[Result "1-0"]
[WhiteTitle "WIM"]
[WhiteElo "2026"]
[BlackElo "2036"]
[WhiteTeam "Bolivia"]
[BlackTeam "Venezuela"]
[WhiteFideId "3301923"]
[BlackFideId "3903001"]
[EventDate "2012.08.28"]

1. d4 d5 2. Nf3 Nf6 3. e3 Bf5 4. b3 e6 5. Bb2 Nbd7 6. Nbd2 Bd6 7. Be2 Qe7 8. a3
e5 9. dxe5 Nxe5 10. Nd4 Bd7 11. c4 O-O 12. Qc2 c5 13. Nf5 Bxf5 14. Qxf5 d4 15.
e4 Ng6 16. g3 Rfe8 17. f3 Rad8 18. O-O-O Bc7 19. Nf1 Ne5 20. Rd2 Ba5 21. g4
Bxd2+ 22. Nxd2 Qe6 23. Qf4 Nc6 24. g5 Nd7 25. h4 Na5 26. Kb1 Qb6 27. Ka2 Ne5 28.
h5 Qd6 29. Qh4 Nec6 30. f4 d3 31. Bd1 Nd4 32. f5 h6 33. Rg1 Kf8 34. f6 hxg5 35.
fxg7+ Kxg7 36. Qxg5+ Kf8 37. h6 Qg6 38. Qxc5+ Qd6 39. Bxd4 b6 40. Qxd6+ Rxd6 41.
h7 1-0

[Event "40th Olympiad Women"]
[Site "Istanbul TUR"]
[Date "2012.09.06"]
[Round "9.28"]
[Board "1"]
[White "Corke, Anya S"]
[Black "Zozulia, Anna"]
[Result "1-0"]
[WhiteTitle "WGM"]
[BlackTitle "IM"]
[WhiteElo "2254"]
[BlackElo "2346"]
[WhiteTeam "England"]
[BlackTeam "Belgium"]
[WhiteFideId "6000347"]
[BlackFideId "14102110"]
[EventDate "2012.08.28"]

1. d4 Nf6 2. c4 g6 3. Nc3 Bg7 4. e4 O-O 5. Nf3 d6 6. h3 c6 7. Bg5 e5 8. d5 Na6
9. Nd2 Qe8 10. Be2 Bd7 11. g4 Nc7 12. h4 cxd5 13. cxd5 b5 14. Rc1 b4 15. Ncb1
Nb5 16. f3 Nd4 17. Nc4 Qe7 18. Nbd2 Rac8 19. Bd3 h6 20. Be3 Ne8 21. Bxd4 exd4
22. Qe2 Be5 23. Kd1 Bf4 24. Kc2 Bb5 25. Kb1 Nf6 26. Na5 Bd7 27. Rxc8 Rxc8 28.
Ndb3 Be3 29. Nc4 Ba4 30. Nxe3 Bxb3 31. axb3 dxe3 32. Qxe3 h5 33. gxh5 Nxh5 34.
f4 Re8 35. f5 Qf6 36. fxg6 fxg6 37. Rf1 Qxh4 38. Qxa7 Nf6 39. Qa4 Rf8 40. Qxb4
Qh3 41. Qd4 Kg7 42. Rg1 Qh4 43. b4 Rf7 44. b5 Kh6 45. b6 Re7 46. Qe3+ g5 47. Qf3
Qf4 48. Rh1+ Kg7 49. Qh3 Qd2 50. Qh8+ Kf7 51. Bc2 Re8 52. Qh6 Rc8 53. Rc1 Qe3
54. Rf1 Qd4 55. e5 Qxe5 56. Qg6+ 1-0

[Event "40th Olympiad Women"]
[Site "Istanbul TUR"]
[Date "2012.09.06"]
[Round "9.28"]
[Board "2"]
[White "Baekelant, Eva"]
[Black "Yurenok, Maria S"]
[Result "1-0"]
[WhiteTitle "WFM"]
[BlackTitle "WFM"]
[WhiteElo "2128"]
[BlackElo "2058"]
[WhiteTeam "Belgium"]
[BlackTeam "England"]
[WhiteFideId "210030"]
[BlackFideId "409359"]
[EventDate "2012.08.28"]

1. d4 d5 2. c4 c6 3. e3 Nf6 4. Nf3 Bg4 5. h3 Bxf3 6. Qxf3 e6 7. Nc3 Nbd7 8. Bd3
Bb4 9. Bd2 O-O 10. a3 Ba5 11. g4 e5 12. cxd5 exd4 13. exd4 Re8+ 14. Kd1 Bxc3 15.
bxc3 cxd5 16. h4 Ne4 17. g5 Nb6 18. Re1 Nxd2 19. Kxd2 Qd7 20. Reb1 Re7 21. h5
Qd6 22. h6 g6 23. a4 Rf8 24. a5 Nc4+ 25. Bxc4 dxc4 26. Rb4 f6 27. Re1 fxg5 28.
Qg3 Qxg3 29. fxg3 Rf2+ 30. Kd1 Rc7 31. Re8+ Kf7 32. Rb8 b6 33. axb6 axb6 34.
R8xb6 Rh2 35. Rb7 Rxb7 36. Rxb7+ Kf6 37. Rxh7 Rh3 38. Rh8 g4 39. Ke2 Kf7 40. d5
Rxg3 41. Rc8 Rh3 42. h7 Rxh7 43. Rc7+ 1-0

[Event "40th Olympiad Women"]
[Site "Istanbul TUR"]
[Date "2012.09.06"]
[Round "9.28"]
[Board "3"]
[White "Hegarty, Sarah N"]
[Black "Goossens, Hanne"]
[Result "1/2-1/2"]
[WhiteTitle "WFM"]
[WhiteElo "2120"]
[BlackElo "1998"]
[WhiteTeam "England"]
[BlackTeam "Belgium"]
[WhiteFideId "2501465"]
[BlackFideId "200468"]
[EventDate "2012.08.28"]

1. e4 c5 2. Nf3 d6 3. d4 cxd4 4. Nxd4 Nf6 5. Nc3 g6 6. Be3 Bg7 7. f3 O-O 8. Qd2
Nc6 9. O-O-O Nxd4 10. Bxd4 Be6 11. Kb1 Qc7 12. h4 h5 13. g4 Rfc8 14. g5 Nd7 15.
Bxg7 Kxg7 16. Qd4+ Kg8 17. f4 b5 18. Bd3 b4 19. Nd5 Bxd5 20. exd5 a5 21. Rhe1
Nc5 22. f5 Kh7 23. Re2 a4 24. Rde1 Ra7 25. fxg6+ fxg6 26. Rxe7+ Qxe7 27. Rxe7+
Rxe7 28. Bxg6+ Kg8 29. Qxb4 Rf8 30. b3 Kg7 31. Bxh5 Re4 32. Qc3+ Kg8 33. Bg6 a3
34. Kc1 Rf1+ 35. Kd2 Rf2+ 36. Kd1 Rf1+ 1/2-1/2

[Event "40th Olympiad Women"]
[Site "Istanbul TUR"]
[Date "2012.09.06"]
[Round "9.29"]
[Board "1"]
[White "Caoili, Arianne"]
[Black "Ptacnikova, Lenka"]
[Result "0-1"]
[WhiteTitle "WIM"]
[BlackTitle "WGM"]
[WhiteElo "2204"]
[BlackElo "2281"]
[WhiteTeam "Australia"]
[BlackTeam "Iceland"]
[WhiteFideId "5201179"]
[BlackFideId "305650"]
[EventDate "2012.08.28"]

1. d4 Nf6 2. Nf3 e6 3. c4 Bb4+ 4. Bd2 Qe7 5. g3 Nc6 6. Nc3 Na5 7. e4 b6 8. e5
Bxc3 9. Bxc3 Ne4 10. Qd3 Bb7 11. Bg2 Nxc3 12. Qxc3 d5 13. c5 O-O 14. O-O Rac8
15. Rfe1 Ba6 16. Rab1 Qd7 17. b3 Rb8 18. a4 c6 19. Nd2 Rfc8 20. Bf1 Bxf1 21.
Rxf1 Rd8 22. Rfc1 Rbc8 23. Rd1 h6 24. b4 Nc4 25. Nxc4 dxc4 26. Qxc4 Qd5 27. Qa6
bxc5 28. bxc5 Rb8 29. Qxa7 Ra8 30. Qc7 Rdc8 31. Qd6 Qf3 32. Qd7 Rd8 33. Qc7 Kh7
34. a5 Rdc8 35. Qd7 Rd8 36. Qe7 Rdb8 37. Qc7 Rb5 38. Rf1 Raxa5 39. Rxb5 Rxb5 40.
Qa7 Rb2 41. Qa1 Rd2 42. Qb1+ g6 43. Qb4 Rd3 44. Qa4 g5 45. Qc2 Kg7 46. Re1 Rxd4
47. Qe2 Qxe2 48. Rxe2 Rc4 49. Kg2 Kg6 50. h3 h5 51. f3 Rxc5 52. Kf2 Rc1 53. Ke3
Rh1 54. h4 gxh4 55. gxh4 Kf5 56. Rc2 Rxh4 57. Rc5 Rh1 58. Rxc6 Re1+ 59. Kf2 Rxe5
60. Rc7 f6 61. Rh7 Kf4 62. Rh6 Rf5 63. Rg6 Ke5 64. Ke3 Rf4 65. Rh6 h4 66. Rh8
Ra4 67. Rh7 Kf5 68. Rh5+ Kg6 69. Rh8 Kg5 70. Rg8+ Kf5 71. Rh8 e5 72. Rh6 Ra3+
73. Kf2 Ra2+ 74. Ke3 Ra3+ 75. Kf2 Kg5 76. Rh8 f5 77. Rh7 Ra6 78. Rg7+ Kf4 79.
Rh7 Ra2+ 80. Kg1 Kxf3 0-1

[Event "40th Olympiad Women"]
[Site "Istanbul TUR"]
[Date "2012.09.06"]
[Round "9.30"]
[Board "1"]
[White "Hallaeva, Bahar"]
[Black "Steil-Antoni, Fiona"]
[Result "1-0"]
[WhiteTitle "WFM"]
[BlackTitle "WIM"]
[WhiteElo "2174"]
[BlackElo "2173"]
[WhiteTeam "Turkmenistan"]
[BlackTeam "Luxembourg"]
[WhiteFideId "14000679"]
[BlackFideId "4001249"]
[EventDate "2012.08.28"]

1. e4 e5 2. Nf3 Nc6 3. Bc4 Nf6 4. d3 Bc5 5. c3 d6 6. Bb3 a6 7. O-O O-O 8. h3 h6
9. Re1 Ba7 10. Nbd2 Nh5 11. Nf1 Qf6 12. Be3 Nf4 13. d4 Re8 14. Ng3 g6 15. a3 Nd8
16. Bxf4 Qxf4 17. Nf5 gxf5 18. g3 Qxe4 19. Rxe4 fxe4 20. Nh4 exd4 21. cxd4 Kg7
22. Kg2 Nc6 23. Rc1 Re7 24. d5 Nd4 25. Rc4 Nxb3 26. Qxb3 Bb6 27. Qc3+ f6 28. Qc2
f5 29. Qc3+ Kg8 30. Ng6 Rg7 31. Qf6 Bd7 32. Ne7+ Kh8 33. Qxh6+ Rh7 34. Qf6+ Rg7
35. Nxf5 Bxf5 36. Qxf5 1-0

[Event "40th Olympiad Women"]
[Site "Istanbul TUR"]
[Date "2012.09.06"]
[Round "9.30"]
[Board "2"]
[White "Boyard, Marie"]
[Black "Isaeva, Aknyr"]
[Result "1/2-1/2"]
[WhiteElo "2035"]
[BlackElo "2011"]
[WhiteTeam "Luxembourg"]
[BlackTeam "Turkmenistan"]
[WhiteFideId "4001486"]
[BlackFideId "14000989"]
[EventDate "2012.08.28"]

1. d4 d5 2. c4 e6 3. Nc3 Nf6 4. Bg5 Be7 5. Nf3 O-O 6. e3 b6 7. Qc2 Bb7 8. cxd5
exd5 9. Bd3 Nbd7 10. O-O c5 11. Rfe1 Ne4 12. Bxe7 Qxe7 13. Nd2 Rfe8 14. Rad1 h6
15. Bb5 Nd6 16. Bf1 cxd4 17. exd4 Qf6 18. Nf3 Nf8 19. Re5 Ng6 20. Nxd5 Qd8 21.
Rxe8+ Nxe8 22. Ne3 Bxf3 23. gxf3 Qf6 24. Bc4 Nh4 25. Qe4 Rd8 26. Be2 Nd6 27. Qg4
Ndf5 28. d5 g6 29. Qe4 Qxb2 30. Nxf5 Nxf5 31. Bc4 Qf6 32. Bb3 Nh4 33. f4 Nf5 34.
Qe5 Kg7 35. Bc2 Nd6 36. Ba4 b5 37. Bb3 Re8 38. Qxf6+ Kxf6 39. Kg2 a5 40. Rc1 Rc8
41. Rc6 Ke7 42. Ra6 a4 43. Bd1 Rc5 44. Ra7+ Kd8 45. Bf3 Rc2 46. Ra8+ Kc7 47.
Ra7+ Kd8 48. Ra8+ Rc8 49. Ra7 Rc7 50. Ra8+ Ke7 51. h4 Nf5 52. Be2 Nd4 53. Bd3
Rd7 54. Be4 f5 55. Bf3 Nxf3 56. Kxf3 Rxd5 57. Rb8 Rd3+ 58. Kg2 Rd4 59. Kg3 Rb4
60. Rb6 Rb1 61. Kg2 Rb2 62. Kg3 h5 63. Kg2 Kf7 64. Rb7+ Kf6 65. Rb6+ Kg7 66.
Rb7+ Kh6 67. Rb6 b4 68. Rb7 a3 69. Rb6 Rb1 70. Ra6 Kg7 71. Kf3 Kf7 72. Ke3 Ke7
73. Kd4 Rb2 74. Ra7+ Kd6 75. Ra6+ Kc7 76. Kc5 Rxa2 77. Kxb4 Rxf2 78. Kxa3 Rxf4
79. Rxg6 Rxh4 80. Kb3 Kd7 81. Kc3 Ke7 82. Kd3 Kf7 83. Ra6 Re4 84. Rb6 Re6 85.
Rb8 Kg6 86. Rg8+ Kf6 87. Rh8 Kg5 88. Rg8+ Kf4 89. Rh8 Re3+ 90. Kd2 Rh3 91. Rf8
Rh2+ 92. Ke1 Kg4 93. Kf1 f4 94. Rg8+ Kf3 95. Kg1 Rh3 96. Rh8 h4 97. Rh7 Ke2 98.
Re7+ Re3 99. Ra7 Kf3 100. Rh7 Kg3 101. Rg7+ Kh3 102. Rf7 Kg3 103. Rg7+ Kf3 104.
Rh7 Kg4 105. Rg7+ Kf5 106. Rf7+ Ke4 107. Re7+ Kd3 108. Rf7 Rg3+ 109. Kf2 Ke4
110. Rh7 h3 111. Re7+ Kf5 112. Rf7+ Ke5 113. Re7+ Kf6 114. Rh7 Kg6 115. Rh4 Kg5
116. Rh8 Rg2+ 117. Kf3 Ra2 118. Rg8+ Kf5 119. Rf8+ Ke5 120. Re8+ Kd4 121. Kxf4 1/2-1/2

[Event "40th Olympiad Women"]
[Site "Istanbul TUR"]
[Date "2012.09.06"]
[Round "9.30"]
[Board "3"]
[White "Atabayeva, Gozel"]
[Black "Boyarchenko, Vlada"]
[Result "0-1"]
[WhiteTitle "WFM"]
[WhiteElo "2076"]
[BlackElo "1755"]
[WhiteTeam "Turkmenistan"]
[BlackTeam "Luxembourg"]
[WhiteFideId "14001896"]
[BlackFideId "4000072"]
[EventDate "2012.08.28"]

1. e4 c6 2. d4 d5 3. Nd2 dxe4 4. Nxe4 Bf5 5. Ng3 Bg6 6. h4 h6 7. h5 Bh7 8. Nf3
Nd7 9. Bd3 Bxd3 10. Qxd3 e6 11. Bf4 Qa5+ 12. Bd2 Qc7 13. O-O-O Bd6 14. Ne4 Ngf6
15. Nxd6+ Qxd6 16. g3 Qd5 17. c4 Qe4 18. Bf4 Qxd3 19. Rxd3 Ne4 20. Be3 Nb6 21.
b3 Rd8 22. Ne5 Nd7 23. Rhd1 Nef6 24. Kc2 Nxh5 25. Nxd7 Rxd7 26. d5 exd5 27. cxd5
cxd5 28. Rxd5 Nf6 29. Rxd7 Nxd7 30. Bxa7 b6 31. Rd6 Ke7 32. Rxd7+ Kxd7 33. Bxb6
g5 34. Be3 Rg8 35. f4 f6 36. b4 h5 37. fxg5 fxg5 38. a4 h4 39. Kc3 h3 40. Bg1
Ra8 41. a5 g4 42. Kc4 Kc7 43. Kb5 Kb7 44. Ka4 Re8 45. b5 Re4+ 46. Kb3 Re1 47.
a6+ Ka8 48. Bc5 h2 49. b6 Re8 50. b7+ Kb8 51. Bd6+ Ka7 52. b8=Q+ Rxb8+ 53. Bxb8+
Kxb8 0-1

[Event "40th Olympiad Women"]
[Site "Istanbul TUR"]
[Date "2012.09.06"]
[Round "9.31"]
[Board "1"]
[White "Gjergji, Rozana"]
[Black "Garcia Morales, Ivette Ale"]
[Result "0-1"]
[WhiteElo "1924"]
[BlackElo "2014"]
[WhiteTeam "Albania"]
[BlackTeam "Mexico"]
[WhiteFideId "4700147"]
[BlackFideId "5105994"]
[EventDate "2012.08.28"]

1. e4 e6 2. d4 d5 3. Nc3 Bb4 4. e5 Ne7 5. Bd2 c5 6. Nb5 Bxd2+ 7. Qxd2 O-O 8.
dxc5 a6 9. Nd6 Nd7 10. Qe3 Nc6 11. Nf3 Qa5+ 12. c3 Qxc5 13. Qxc5 Nxc5 14. O-O-O
Rd8 15. Nxc8 Raxc8 16. Kb1 Ne4 17. Rg1 Nxf2 18. Re1 d4 19. Re2 Ng4 20. Re4 dxc3
21. bxc3 Nf2 22. Re2 Nd1 23. Rc2 Na5 24. c4 Ne3 25. Rc3 Rd1+ 26. Rc1 Rxc1+ 27.
Kxc1 Nxf1 28. Rxf1 Nxc4 29. Kb1 Ne3 30. Rf2 b5 31. Ng5 Rc7 32. Rd2 Nd5 33. Ne4
h6 34. g3 f6 35. Rc2 Rxc2 36. Kxc2 Kf7 37. Nc5 Nc7 38. Kd3 f5 39. Kd4 g5 40. Nb3
Nd5 41. Nc5 Nb4 42. Kc3 Nxa2+ 43. Kb3 Nc1+ 44. Kc2 Ne2 45. Kd3 Ng1 46. Ke3 a5
47. Nb7 b4 48. Nxa5 g4 49. Nc4 b3 50. Kd3 Nf3 51. Kc3 Nxh2 52. Kxb3 Nf1 0-1